01496 a2200193 45000010006000000050017000060080041000230030015000640400040000790800159001192450088002780200022003662640106003883000019004945050738005130410008012511000020012597000023012795474120260407155822.0260407a2008 arg spa dAR-UNSa-BCEJYS aAR-UNSa-BCEJYSbspacAR-UNSa-BCEJYS a321.01xTeoría general del Estado. Teoría y filosofía del poder. Estado y territorio. Autoridad y oposición. Usurpación (Filosofía política)10aDesigualdades sociales y estadopun estudio multidisciplinar desde la posmodernidad a978-987-95774-4-8 1aBuenos Aires :bUniversidad de Buenos Aires. Facultad de Derecho. Departamento de Publicacionesc2008 a203 p.c22 cm. a1. Introducción – 2. De las semejanzas entre el Estado pre moderno y el Estado posmoderno. Rol de la intelligentsia – 3. La incidencia de la filosofía política del utilitarismo y otras ideas cosmopolitas en la formación del Estado-nación Argentino y el contrato social ausente – 4. El orden internacional y las instituciones de la convivencia internacional ¿Después del Estado qué? – 5. Una posible realidad política posmoderna. Tolerancia y exclusión: proceso reactivo ante el cambio – 6. La estatización y espectacularizacion de la pobreza: análisis crítico del discurso posmoderno televisivo en la Argentina – 7. Los testimonios difuminados – 8. Las escuelas cuentan sus historias en la web. aspa1 aOrtiz, Tulio E.1 aPardo, Maria Laura